00348cam a22001217a 4500008004000000082002100040100002800061245002700089260004300116300001900159650002600178700002200204180718b1981 xxu||||| |||| 00| 0 eng d aA99 B651 B651n/3 aedited by Sisir K. Bose aNetaji collected works aCalcuttabNetaji Research Bureauc1981 av3. xiii, 360p aNo Subjects Available aBose, Sisir K. ed